<?xml version="1.0" encoding="UTF-8"?>
<record
    xmlns:xsi="http://www.w3.org/2001/XMLSchema-instance"
    xsi:schemaLocation="http://www.loc.gov/MARC21/slim http://www.loc.gov/standards/marcxml/schema/MARC21slim.xsd"
    xmlns="http://www.loc.gov/MARC21/slim">

  <leader>01624nam a2200193 a 4500</leader>
  <controlfield tag="001">108</controlfield>
  <controlfield tag="003">CO-ViMGA</controlfield>
  <controlfield tag="008">141112s2004    ck      r     000 u spa d</controlfield>
  <datafield tag="040" ind1=" " ind2=" ">
    <subfield code="a">CO-ViMGA</subfield>
    <subfield code="b">spa</subfield>
    <subfield code="c">CO-ViMGA</subfield>
  </datafield>
  <datafield tag="082" ind1="0" ind2="4">
    <subfield code="a">618.92 P517</subfield>
  </datafield>
  <datafield tag="100" ind1="1" ind2=" ">
    <subfield code="a">Plata Rueda, Ernesto</subfield>
    <subfield code="9">4976</subfield>
  </datafield>
  <datafield tag="245" ind1="1" ind2="0">
    <subfield code="a">Pediatria Pr&#xE1;ctica / </subfield>
    <subfield code="c">Ernesto Plata Rueda</subfield>
  </datafield>
  <datafield tag="260" ind1=" " ind2=" ">
    <subfield code="a">Bogot&#xE1; : </subfield>
    <subfield code="b">Instituto Colombiano de bienestar familiar ICBF, </subfield>
    <subfield code="c">1975</subfield>
  </datafield>
  <datafield tag="300" ind1=" " ind2=" ">
    <subfield code="a">479.p.</subfield>
  </datafield>
  <datafield tag="505" ind1=" " ind2=" ">
    <subfield code="a">Ejercicio de la pediatr&#xED;a en los paises en via de desarrollo La relaci&#xF3;n medico - paciente en pediatr&#xED;a Inmunizaciones activas y pasivas en el recien nacido Uso y abuso de los corticosteroides en pediatr&#xED;a Selecci&#xF3;n y abuso de drogas antimicrobianas Diagnostico y profilaxis de los desequilibrios hidroelectrol&#xED;ticos en la infancia El telefono en la pr&#xE1;ctica ped&#xED;atrica La alimentaci&#xF3;n en la pr&#xE1;ctica ped&#xED;atrica Polifarmacia en pediatr&#xED;a Desnutrici&#xF3;n Enfermedad diarreica aguda Desequilibrio hidroelectrol&#xED;tico y acido b&#xE1;sico en las enfermedades infecciosas agudas Parasitosis intestinal Manejo pr&#xE1;ctico del ni&#xF1;o febril Estados catarrales cr&#xF3;nicos o recidivantes de las vias respiratorias en los ni&#xF1;os Tuberculosis en el ni&#xF1;o Tetanos Meningitis purulenta Guia diagn&#xF3;stica en el ni&#xF1;o p&#xE1;lido Secuencia diagn&#xF3;stica en el s&#xED;ndrome anemico Anemia ferropenica Manejo del ni&#xF1;o quemado Inapetencia infantil El v&#xF3;mito en la infancia El ni&#xF1;o maltratado intencionalmente .Maltrato infantil Insuficiencia ponderal del recien nacido Fomento de la alimentaci&#xF3;n materna</subfield>
  </datafield>
  <datafield tag="650" ind1="1" ind2="4">
    <subfield code="a">NI&#xD1;OS - ENFERMEDADES</subfield>
    <subfield code="9">47830</subfield>
  </datafield>
  <datafield tag="650" ind1="1" ind2="4">
    <subfield code="a">PEDIATRIA</subfield>
    <subfield code="9">4977</subfield>
  </datafield>
  <datafield tag="942" ind1=" " ind2=" ">
    <subfield code="2">ddc</subfield>
    <subfield code="c">BK</subfield>
  </datafield>
  <datafield tag="999" ind1=" " ind2=" ">
    <subfield code="c">12360</subfield>
    <subfield code="d">12360</subfield>
  </datafield>
  <datafield tag="952" ind1=" " ind2=" ">
    <subfield code="0">1</subfield>
    <subfield code="1">0</subfield>
    <subfield code="2">ddc</subfield>
    <subfield code="4">4</subfield>
    <subfield code="7">0</subfield>
    <subfield code="8">002</subfield>
    <subfield code="a">MEVIECAR</subfield>
    <subfield code="b">MEVIECAR</subfield>
    <subfield code="d">2015-12-04</subfield>
    <subfield code="h">Volumen. 1 | 11/jun/2009</subfield>
    <subfield code="l">0</subfield>
    <subfield code="o">618.92 P517 </subfield>
    <subfield code="p">108</subfield>
    <subfield code="r">2015-12-04 00:00:00</subfield>
    <subfield code="t">Ej. 1</subfield>
    <subfield code="w">2015-12-04</subfield>
    <subfield code="y">BK</subfield>
  </datafield>
</record>
